Determination of carbon footprint and operation costs of an apartment building constructed using alternative building materials
Na minha lista:
| Autor principal: | |
|---|---|
| Outros Autores: | |
| Formato: | Manuscrito Livro |
| Idioma: | eslovaco inglês |
| Publicado em: |
2025
|
| Assuntos: | |
| Acesso em linha: | http://is.stuba.sk/zp/portal_zp.pl?podrobnosti=183475 CRZP |
| Tags: |
Sem tags, seja o primeiro a adicionar uma tag!
|
MARC
| LEADER | 00000ntm a22000003a 4500 | ||
|---|---|---|---|
| 001 | stuzp104929 | ||
| 003 | SK-STU | ||
| 005 | 20250729142949.8 | ||
| 007 | ta | ||
| 008 | 150427s2015----xo-----f-mn---000-0-slo-d | ||
| 040 | |a STU |b slo | ||
| 041 | 0 | |a eng | |
| 100 | 1 | |a Nguyen Anh, Filip |u 010290 |4 aut |U SvF Stavebná fakulta |T SvF Katedra technických zariadení budov |X 98991 |U V290 |Y 31 |7 98991 | |
| 242 | 0 | 1 | |a Stanovenie uhlíkovej stopy a prevádzkových nákladov bytového domu postaveného s použitím alternatívnych stavebných materiálov |y slo |
| 245 | 1 | 0 | |a Determination of carbon footprint and operation costs of an apartment building constructed using alternative building materials |
| 260 | |c 2025 | ||
| 650 | 4 | |a life cycle assessment |2 eng | |
| 650 | 4 | |a carbon footprint |2 eng | |
| 650 | 4 | |a energy efficiency |2 eng | |
| 650 | 4 | |a sustainable construction |2 eng | |
| 650 | 4 | |a alternative building materials |2 eng | |
| 650 | 4 | |a operational costs |2 eng | |
| 650 | 4 | |a posudzovanie životného cyklu |2 slo | |
| 650 | 4 | |a udržateľná výstavba |2 slo | |
| 650 | 4 | |a prevádzkové náklady |2 slo | |
| 650 | 4 | |a energetická efektívnosť |2 slo | |
| 650 | 4 | |a alternatívne stavebné materiály |2 slo | |
| 650 | 4 | |a uhlíková stopa |2 slo | |
| 700 | 1 | |a Krajčík, Michal |u 010290 |k Z1 |4 ths |U SvF Stavebná fakulta |T SvF Katedra technických zariadení budov |X 20318 |U V290 |Y 31 |7 A000020318 | |
| 856 | 4 | |u http://is.stuba.sk/zp/portal_zp.pl?podrobnosti=183475 | |
| 856 | 4 | |u https://opac.crzp.sk/?fn=detailBiblioForm&sid=226A7A544DA3649F66513BE9F6D0 |z CRZP | |